000 00393nam a2200145Ia 4500
003 LK-CoDNM
008 010623t1974 xxu||||| |||| 00| 1 eng d
040 _aLK-CoDNM
_dLK-CoDNM
_eLK-CoDNM
041 _aeng
080 _a355.01
_bCRI
245 _aCries for peace : Experiences of Japanese Victims of world war II
260 _bJapan Times
_aTokyo
_c1974
300 _b234, 21 cm
942 _cBK
999 _c109254
_d109254